000
00182 a2200085 4500
041
_a
spa
100
_a
Anonimo
245
_a
Manual de capacitacion para las escuelas modelo
942
_c
BK
999
_c
10444
_d
10444